Catálogo

Vista normal Vista MARC

Entrada Personal Name

Número de registros utilizados en: 1

001 - CONTROL NUMBER

  • control field: 16837

003 - CONTROL NUMBER IDENTIFIER

  • control field: DLC

005 - DATE AND TIME OF LATEST TRANSACTION

  • control field: 20250307095712.0

008 - FIXED-LENGTH DATA ELEMENTS

  • fixed length control field: 010914n| azannaabn |n aaa

010 ## - LIBRARY OF CONGRESS CONTROL NUMBER

  • LC control number: n 2001043849

035 ## - SYSTEM CONTROL NUMBER

  • System control number: (OCoLC)oca05582717

040 ## - CATALOGING SOURCE

  • Original cataloging agency: DLC
  • Language of cataloging: spa
  • Transcribing agency: Mx-PuUPA
  • Description conventions: rda
  • Modifying agency: DLC
  • Modifying agency: IlMpPL
  • Modifying agency: DLC
  • Modifying agency: ScU
  • Modifying agency: Mx-PuUPA

046 ## - SPECIAL CODED DATES

  • Birth date: 19690804
  • Source of date scheme: edtf

053 #0 - LC CLASSIFICATION NUMBER

  • Classification number element--single number or beginning number of span: PR6113.O94

100 1# - HEADING--PERSONAL NAME

  • Personal name: Moyes, Jojo,
  • Dates associated with a name: 1969-

370 ## - ASSOCIATED PLACE

  • Place of birth: Londres (Inglaterra)
  • Place of residence/headquarters: Essex (Inglaterra)
  • Source of term: naf

372 ## - FIELD OF ACTIVITY

  • Field of activity: Novela
  • Field of activity: Novela romántica
  • Field of activity: Autoría de películas
  • Field of activity: Películas cinematográficas--Producción y dirección
  • Source of term: lcsh

374 ## - OCCUPATION

  • Occupation: Autora
  • Occupation: Novelista
  • Occupation: Guionista
  • Occupation: Productora y directora de cine
  • Source of term: lcsh

375 ## - GENDER

  • Gender: mujer

377 ## - ASSOCIATED LANGUAGE

  • Language code: eng

670 ## - SOURCE DATA FOUND

  • Source citation: Moyes, Jojo. Sheltering rain, c2002:
  • Information found: CIP t.p. (Jojo Moyes) data sheet (b. Aug. 4, 1969)

670 ## - SOURCE DATA FOUND

  • Source citation: The ship of brides, 2014:
  • Information found: CIP t.p. (JoJo Moyes) data view ("is married to Charles Arthur, technology editor of The Guardian. They live . . . on a farm in Essex, England")

670 ## - SOURCE DATA FOUND

  • Source citation: IMDb, March 23, 2022:
  • Information found: (Jojo Moyes; writer, producer; Born: August 4, 1969 in London, England, UK)